Culture Générale - Série 1586 - Statistiques

Statistiques générales
  • Ce quiz a été pris 151 fois
  • Le résultat moyen est 6 sur 10
Statistiques - réponses
Question Réponse % Correct
A quel pays appartient l'île d'Ibiza, située dans l'archipel des Baléares ? Espagne
99%
Dans quel océan se trouve la Papouasie-Nouvelle-Guinée ? Pacifique
97%
A quel pays associez-vous le drapeau sur lequel est représenté le temple d'Angkor ? Cambodge
82%
Dans quel film de Jean-Marie Poiré entend-on : “Morte couille ! Regardez le château, il enfle comme un carton...” ? Les Visiteurs
76%
Dans quelle ville du Finistère le chanteur Miossec est-il né ? Brest
74%
À partir de 1519, quel château François Ier fait-il construire sur l'emplacement d'une maison de chasse ? Chambord
71%
De quel recueil de poèmes de Charles Baudelaire, "Spleen et idéal" est-il la première partie ? Les Fleurs du mal
61%
Dans quel département français peut-on admirer la grande tour-lanterne de la cathédrale de Coutances ? Manche
33%
Quel écrivain est l'auteur du roman satirique inachevé “Bouvard et Pécuchet” ? Gustave Flaubert
27%
Quel physicien, mathématicien et inventeur français, né en 1647, est connu notamment pour ses travaux sur la machine à vapeur ? Denis Papin
26%
Aucun quiz correspondant
Distribution des résultats
% des personnes avec chaque résultat
Percentile par nombre de réponses
Votre historique - résultats
Vous n’avez pas pris ce quiz